<?xml version="1.0" encoding="UTF-8"?><?xml-stylesheet type="text/xsl" href="static/style.xsl"?><OAI-PMH xmlns="http://www.openarchives.org/OAI/2.0/" xmlns:xsi="http://www.w3.org/2001/XMLSchema-instance" xsi:schemaLocation="http://www.openarchives.org/OAI/2.0/ http://www.openarchives.org/OAI/2.0/OAI-PMH.xsd"><responseDate>2026-04-27T21:26:34Z</responseDate><request verb="GetRecord" identifier="oai:riubu.ubu.es:10259/11428" metadataPrefix="marc">https://riubu.ubu.es/oai/request</request><GetRecord><record><header><identifier>oai:riubu.ubu.es:10259/11428</identifier><datestamp>2026-02-26T11:37:19Z</datestamp><setSpec>com_10259_8983</setSpec><setSpec>com_10259_5086</setSpec><setSpec>com_10259_2604</setSpec><setSpec>col_10259_8984</setSpec></header><metadata><record xmlns="http://www.loc.gov/MARC21/slim" xmlns:doc="http://www.lyncode.com/xoai" xmlns:xsi="http://www.w3.org/2001/XMLSchema-instance" xmlns:dcterms="http://purl.org/dc/terms/" xsi:schemaLocation="http://www.loc.gov/MARC21/slim http://www.loc.gov/standards/marcxml/schema/MARC21slim.xsd">
<leader>00925njm 22002777a 4500</leader>
<datafield tag="042" ind1=" " ind2=" ">
<subfield code="a">dc</subfield>
</datafield>
<datafield tag="720" ind1=" " ind2=" ">
<subfield code="a">Lifi, Mohamed</subfield>
<subfield code="e">author</subfield>
</datafield>
<datafield tag="720" ind1=" " ind2=" ">
<subfield code="a">Muñoz Rujas, Natalia</subfield>
<subfield code="e">author</subfield>
</datafield>
<datafield tag="720" ind1=" " ind2=" ">
<subfield code="a">Rubio Pérez, Gabriel</subfield>
<subfield code="e">author</subfield>
</datafield>
<datafield tag="720" ind1=" " ind2=" ">
<subfield code="a">Aguilar Romero, Fernando</subfield>
<subfield code="e">author</subfield>
</datafield>
<datafield tag="720" ind1=" " ind2=" ">
<subfield code="a">Alaoui, Fatima E. M.</subfield>
<subfield code="e">author</subfield>
</datafield>
<datafield tag="260" ind1=" " ind2=" ">
<subfield code="c">2024-06</subfield>
</datafield>
<datafield tag="520" ind1=" " ind2=" ">
<subfield code="a">The environmental imperative driving the search for alternative fuels has fostered the rise of biofuels from biomass, offering renewable solutions that curtail petroleum dependence and greenhouse gas emissions. Propanol, as a primary biofuel, serves as an oxygenated additive, enhancing combustion efficiency and mitigating air pollutants. Propanol’s oxygen-rich composition enhances engine performance and diminishes emissions. Studies on alkoxyethanols-gasoline blends showcase significant reductions in toxic pollutants, underscoring the need for thermodynamic understanding to foster cleaner energy. This study presents high-temperature and high-pressure density data for the binary mixture of 1-propanol, an alcohol, and 2-(2-methoxyethoxy)ethanol, an alkoxyethanol, covering temperatures ranging from 298.15 to 393.15 K and pressures from 0.1 to 140 MPa. The experimental density data were generated using a vibrating tube densitometer with an uncertainty of 0.7 × 10–3 g cm–3. Experimental density data were fitted by using the Tait-like equation, with low standard deviations. Also, the experimental measurements were correlated using PC-SAFT and Peng–Robinson equations of state. The derived properties, such as excess volume, isobaric thermal expansivity, and isothermal compressibility, were also calculated.</subfield>
</datafield>
<datafield tag="024" ind2=" " ind1="8">
<subfield code="a">0021-9568</subfield>
</datafield>
<datafield tag="024" ind2=" " ind1="8">
<subfield code="a">https://hdl.handle.net/10259/11428</subfield>
</datafield>
<datafield tag="024" ind2=" " ind1="8">
<subfield code="a">10.1021/ACS.JCED.4C00232</subfield>
</datafield>
<datafield tag="024" ind2=" " ind1="8">
<subfield code="a">1520-5134</subfield>
</datafield>
<datafield ind1=" " ind2=" " tag="653">
<subfield code="a">Alcohols</subfield>
</datafield>
<datafield ind1=" " ind2=" " tag="653">
<subfield code="a">Binary Mixtures</subfield>
</datafield>
<datafield ind1=" " ind2=" " tag="653">
<subfield code="a">Biofuels</subfield>
</datafield>
<datafield ind1=" " ind2=" " tag="653">
<subfield code="a">Fossil fuels</subfield>
</datafield>
<datafield ind1=" " ind2=" " tag="653">
<subfield code="a">Mixtures</subfield>
</datafield>
<datafield tag="245" ind1="0" ind2="0">
<subfield code="a">Measurement of Liquid Density of Mixtures of 1-Propanol + 2-(2-Methoxyethoxy)ethanol at Temperatures from 298.15 to 393.15 K and Pressures up to 140 MPa and Modeling Using PC-SAFT and Peng–Robinson Equations of State</subfield>
</datafield>
</record></metadata></record></GetRecord></OAI-PMH>